| 000 | 00659nam a22002057a 4500 | ||
|---|---|---|---|
| 005 | 20161129123223.0 | ||
| 010 | _aENG-116696 | ||
| 020 |
_a9788184845761 _c1680.00 |
||
| 035 | _aEN-100228 | ||
| 037 | _bDBAD/PUB | ||
| 082 | _a339.460954 | ||
| 245 |
_aPoverty alleviation in India : _cedited by Johan Felix Raj...[et...al] _bthe unfinished task and the road ahead / |
||
| 260 |
_aNew Delhi _bRegal Publications _c2016 |
||
| 270 |
_aF-159 Rajouri Garden _bNew Delhi _e110027 |
||
| 300 |
_axv,391p. _c23cm(Hb) |
||
| 500 | _aIncludes index | ||
| 700 | _aP. Anbalagan | ||
| 700 | _aRakesh Kumar Singh | ||
| 942 |
_2ddc _cEN _h339.460954 _mPOV |
||
| 999 |
_c104821 _d104821 |
||